000 01234naa a22003257a 4500
001 BR8600745
003 BR-BrBNA
005 20240918175626.0
007 ta
008 230509b bl.||||| |||| 00| 0 por d
040 _aBR-BrBNA
_bpor
_cBiblioteca Nacional de Agricultura
041 _a(Pt)
072 _aL01; L10
_b9410
_bG514
090 _aL01 BR8600745
100 1 _aFreitas, M.A.R. de
111 1 _aCongresso Brasileiro de Gado Leiteiro
_cCampinas, SP (Brazil)
_d7-11 Oct 1985
245 1 _aContribuicao do Instituto de Zootecnia para o Desenvolvimento da Producao Leiteira
246 1 _a[Contribution from the Instituto de Zootecnia to the development of dairy production]
246 1 _a[Milk production: problems and solutions]
260 3 _aPiracicaba, SP (Brasil):
_c1985.
500 _aProducao leiteira: problemas e solucoes Piracicaba, SP (Brasil): 1985. p. 1-18 (BR8600745-AM)L01
650 _aGADO LEITEIRO
650 _aPRODUCAO ANIMAL
650 _aRACA
650 _aCRUZAMENTO
650 _aMELHORAMENTO GENETICO ANIMAL
773 0 _tProducao leiteira: problemas e solucoes
_wL01 BR8600745
_gPiracicaba, SP (Brasil), 1985. p. 1-18
909 _a202404
_bLucia
_c55
_dLucia Elande
942 _cAM
_2AGRIS
999 _c317498
_d317498